| 000 | 00647nam a22002297a 4500 | ||
|---|---|---|---|
| 003 | OSt | ||
| 005 | 20140310182916.0 | ||
| 008 | 130129t xxu||||| |||| 00| 0 eng d | ||
| 020 | _a9789712720697 | ||
| 050 |
_aPL5533 _b.B352 2009 |
||
| 082 |
_aFIL 899.2101 _b.C953 2009 |
||
| 245 |
_aCrowns and oranges : _bworks by young Philippine poets _cBautista, Cirilio F. and Ishikawa, Ken |
||
| 260 |
_aManila : _bAnvil, _cc2009. |
||
| 300 |
_avxii, 250 p. ; _c23 cm. |
||
| 521 | _acollege students | ||
| 526 | _c1210L-1700L | ||
| 541 | _j1 | ||
| 541 | _j2 | ||
| 541 | _j3 | ||
| 562 | _e3 | ||
| 942 |
_2lcc _cBK _kFIL |
||
| 999 |
_c17296 _d17296 |
||